<?xml version="1.0" encoding="UTF-8"?>
<record
    xmlns:xsi="http://www.w3.org/2001/XMLSchema-instance"
    xsi:schemaLocation="http://www.loc.gov/MARC21/slim http://www.loc.gov/standards/marcxml/schema/MARC21slim.xsd"
    xmlns="http://www.loc.gov/MARC21/slim">

  <leader>00955nam a2200205   4500</leader>
  <datafield tag="952" ind1=" " ind2=" ">
    <subfield code="0">0</subfield>
    <subfield code="1">0</subfield>
    <subfield code="4">0</subfield>
    <subfield code="7">0</subfield>
    <subfield code="a">22</subfield>
    <subfield code="b">22</subfield>
    <subfield code="d">2018-04-16</subfield>
    <subfield code="l">1</subfield>
    <subfield code="o">972.0816 R618h</subfield>
    <subfield code="p">01 014475</subfield>
    <subfield code="r">2019-11-06</subfield>
    <subfield code="s">2019-11-06</subfield>
    <subfield code="t">1</subfield>
    <subfield code="w">2018-04-16</subfield>
    <subfield code="y">LB</subfield>
  </datafield>
  <datafield tag="999" ind1=" " ind2=" ">
    <subfield code="c">102914</subfield>
    <subfield code="d">102914</subfield>
  </datafield>
  <controlfield tag="008">180416s2010    mx b|||| |||| 00| 0 spa d</controlfield>
  <datafield tag="020" ind1=" " ind2=" ">
    <subfield code="a">9786074620887</subfield>
  </datafield>
  <datafield tag="082" ind1=" " ind2=" ">
    <subfield code="a">972.0816</subfield>
    <subfield code="b">R618h</subfield>
  </datafield>
  <datafield tag="100" ind1="1" ind2=" ">
    <subfield code="a">Rodr&#xED;guez Kuri, Ariel</subfield>
    <subfield code="e">autor</subfield>
    <subfield code="9">71185</subfield>
  </datafield>
  <datafield tag="245" ind1=" " ind2=" ">
    <subfield code="a">Historia del desasosiego</subfield>
    <subfield code="b">: la revoluci&#xF3;n en la Ciudad de M&#xE9;xico, 1911-1922</subfield>
    <subfield code="c">/ Ariel Rodr&#xED;guez Kuri</subfield>
  </datafield>
  <datafield tag="260" ind1=" " ind2=" ">
    <subfield code="a">M&#xE9;xico</subfield>
    <subfield code="b">: El Colegio de M&#xE9;xico, Centro de Estudios Hist&#xF3;ricos</subfield>
    <subfield code="c">, 2010</subfield>
  </datafield>
  <datafield tag="300" ind1=" " ind2=" ">
    <subfield code="a">228 p&#xE1;ginas</subfield>
    <subfield code="b">: mapas</subfield>
  </datafield>
  <datafield tag="504" ind1=" " ind2=" ">
    <subfield code="a">Bibliograf&#xED;a (pp.213-228)</subfield>
  </datafield>
  <datafield tag="519" ind1=" " ind2=" ">
    <subfield code="a">Material Complementario /</subfield>
    <subfield code="d">(01 014475)</subfield>
  </datafield>
  <datafield tag="650" ind1="1" ind2="4">
    <subfield code="a">CIUDAD DE M&#xC9;XICO (M&#xC9;XICO)</subfield>
    <subfield code="x">HISTORIA</subfield>
    <subfield code="x">REVOLUCI&#xD3;N, 1910-1920</subfield>
  </datafield>
  <datafield tag="650" ind1=" " ind2="0">
    <subfield code="a">CIUDAD DE M&#xC9;XICO (M&#xC9;XICO)</subfield>
    <subfield code="x">POLITICA Y GOBIERNO</subfield>
    <subfield code="x">REVOLUCI&#xD3;N, 1910-1920</subfield>
  </datafield>
  <datafield tag="650" ind1="2" ind2="4">
    <subfield code="a">CIUDAD DE M&#xC9;XICO (M&#xC9;XICO)</subfield>
    <subfield code="x">VIDA SOCIAL Y COSTUMBRES</subfield>
    <subfield code="x">HISTORIA</subfield>
    <subfield code="x">REVOLUCI&#xD3;N, 1910-1920</subfield>
  </datafield>
  <datafield tag="942" ind1=" " ind2=" ">
    <subfield code="c">LB</subfield>
  </datafield>
</record>
